Most Streamed Artists on Spotify (May 12, 2025) - Statistics

General Stats
  • This quiz has been taken 35 times
  • The average score is 31 of 100
Answer Stats
Hint Answer % Correct
#9 Taylor Swift
96%
#12 Drake
85%
#11 Ariana Grande
81%
#3 The Weeknd
78%
#7 Kendrick Lamar
74%
#31 Beyoncé
70%
#1 Bruno Mars
70%
#2 Lady Gaga
70%
#22 Sabrina Carpenter
70%
#14 Justin Bieber
63%
#4 Billie Eilish
59%
#8 Ed Sheeran
59%
#10 Bad Bunny
56%
#20 Eminem
56%
#61 Michael Jackson
56%
#19 Dua Lipa
52%
#24 Katy Perry
52%
#63 Olivia Rodrigo
52%
#6 Rihanna
52%
#32 Adele
48%
#65 Harry Styles
48%
#29 Kanye West
48%
#13 SZA
48%
#26 Travis Scott
48%
#30 Miley Cyrus
44%
#62 Nicki Minaj
44%
#46 Queen
44%
#100 50 Cent
41%
#67 Camila Cabello
41%
#40 Selena Gomez
41%
#86 Britney Spears
37%
#5 Coldplay
37%
#57 Elton John
37%
#79 Justin Timberlake
37%
#17 Post Malone
37%
#37 Benson Boone
33%
#18 Calvin Harris
33%
#27 Lana Del Rey
33%
#60 Lil Wayne
33%
#94 Madonna
33%
#70 One Direction
33%
#42 Playboi Carti
33%
#44 Sam Smith
33%
#25 Shakira
33%
#69 Shawn Mendes
33%
#76 Tyler, The Creator
33%
#92 Avicii
30%
#36 Doja Cat
30%
#35 Future
30%
#52 Gracie Abrams
30%
#55 Hozier
30%
#45 KAROL G
30%
#64 ROSÉ
30%
#74 21 Savage
26%
#72 Chappell Roan
26%
#15 David Guetta
26%
#23 Sia
26%
#80 USHER
26%
#33 Imagine Dragons
22%
#16 Maroon 5
22%
#28 Pitbull
22%
#54 Tate McRae
22%
#38 Arctic Monkeys
19%
#59 Black Eyed Peas
19%
#34 Chris Brown
19%
#58 Doechii
19%
#21 J Balvin
19%
#88 Lola Young
19%
#73 Metro Boomin
19%
#56 The Chainsmokers
19%
#85 Wiz Khalifa
19%
#84 Alex Warren
15%
#78 Ellie Goulding
15%
#48 JENNIE
15%
#90 Kesha
15%
#50 Khalid
15%
#51 Linkin Park
15%
#43 Marshmello
15%
#95 Morgan Wallen
15%
#41 OneRepublic
15%
#47 Teddy Swims
15%
#39 Daddy Yankee
11%
#53 Halsey
11%
#68 Sean Paul
11%
#96 DJ Snake
7%
#83 Ne-Yo
7%
#49 Rauw Alejandro
7%
#87 The Neighbourhood
7%
#66 Arijit Singh
4%
#99 Feid
4%
#98 Fleetwood Mac
4%
#75 Maluma
4%
#81 Ozuna
4%
#71 Shreya Ghoshal
4%
#91 Ty Dolla $ign
4%
#97 A.R. Rahman
0%
#89 Don Omar
0%
#77 Peso Pluma
0%
#82 Pritam
0%
#93 Tiësto
0%
No matching quizzes found
Score Distribution
Percent of People with Each Score
Percentile by Number Answered
Your Score History
You have not taken this quiz